10 phút chỉ dẫn nghệ thuật lãnh đạo

Αποθηκεύτηκε σε:
Λεπτομέρειες βιβλιογραφικής εγγραφής
Μορφή: Βιβλίο
Γλώσσα:Undetermined
Έκδοση: Hà Nội Văn hóa Thông tin 2007
Θέματα:
Ετικέτες: Προσθήκη ετικέτας
Δεν υπάρχουν, Καταχωρήστε ετικέτα πρώτοι!
Thư viện lưu trữ: Trung tâm Học liệu Trường Đại học Cần Thơ
LEADER 00501nam a2200169Ia 4500
001 CTU_129258
008 210402s9999 xx 000 0 und d
020 |c 25000 
082 |a 658.409 
082 |b M558 
245 0 |a 10 phút chỉ dẫn nghệ thuật lãnh đạo 
260 |a Hà Nội 
260 |b Văn hóa Thông tin 
260 |c 2007 
650 |a Management,Executive succession,Quản lý 
904 |i Tuyến 
980 |a Trung tâm Học liệu Trường Đại học Cần Thơ